[Event "Luxembourg-chT 9899"]
[Site "Luxembourg"]
[Date "1999.01.10"]
[Round "6"]
[White "Wolff, Serge"]
[Black "Capelletti, Robert"]
[Result "1-0"]
[WhiteElo "2070"]
[BlackElo "1980"]
[PlyCount "83"]
[EventDate "1998.10.08"]
[EventType "team"]
[EventRounds "10"]
[EventCountry "LUX"]
[SourceTitle "EXT 2005"]
[Source "ChessBase"]
[SourceDate "2004.11.15"]
[SourceVersion "1"]
[SourceVersionDate "2004.11.15"]
[SourceQuality "1"]

1. e4 c5 2. Nc3 Nc6 3. g4 e6 4. d3 d5 5. Bg2 d4 6. Nce2 e5 7. Ng3 Nge7 8. h3 Ng6 9. N1e2 Nh4 10. 0-0 Nxg2 11. Kxg2 g6 12. f4 h5 13. g5 Be7 14. h4 Bg4 15. f5 Qd7 16. Rf2 0-0-0 17. f6 Bd6 18. a3 Bh3+ 19. Kh2 Qg4 20. Bd2 Qxh4 21. Qe1 Bd7+ 22. Kg1 Qg4 23. Rg2 h4 24. Nf5 Qf3 25. Nxd6+ Kc7 26. Nxf7 h3 27. Rh2 Qg4+ 28. Qg3 Qe6 29. Nxd8 Kxd8 30. Rf1 Qf7 31. Kh1 Be6 32. Ng1 Kc7 33. Nf3 b6 34. Nxe5 Nxe5 35. Qxe5+ Kb7 36. Bf4 Re8 37. b4 Kc6 38. bxc5 bxc5 39. Qd6+ Kb7 40. Rb1+ Ka8 41. Qb8+ Rxb8 42. Rxb8# 1-0